000 00916nam a2200229Ia 4500
003 OSt
005 20220117142730.0
008 191128t1982 cl er 000 f spa d
040 _aCO-JMCR
_cCO-JMCR
041 _aspa
082 0 4 _aN /
_bLAZl
_223
245 1 0 _aLazarillo de Tormes /
_cAnónimo
260 _aSantiago de Chile :
_bZig-Zag,
_c©1982.
300 _a94 páginas ;
_c19 cm.
490 0 _aColección Biblioteca Familiar
520 _aLázaro, hijo de un ladrón y acemilero, queda huérfano en Salamanca. Estará al servicio de diferentes amos (un ciego, un hidalgo arruinado, un clérigo avaricioso, un fraile de la Merced, un burlero farsante, etc.), y ejercerá varios oficios.
650 1 4 _aNovela juvenil española.
_96312
650 2 4 _aLiteratura juvenil española.
_941899
650 2 4 _aLiteratura picaresca española.
_941900
650 2 4 _aCiegos en la literatura.
_941901
942 _2ddc
_cBK
999 _c3958
_d3958